Riconosci il Pokémon - Quiz n°1000 - Statistics

Statistiche generali
  • Questo quiz è stato fatto 0 volte
  • Il punteggio medio è 0 su 10
Statistiche sulle risposte
Indizio Risposta % Corretto
Altezza 1,3 m; > 19,0 m (Gigamax)
0%
Sesso 50% ♂, 50% ♀
0%
Peso 60,0 kg; ???,? kg (Gigamax)
0%
Tasso di cattura 60 (14.8%)
0%
Tipo Acqua
0%
Abilità Ipertaglio; Guscioscudo; Forzabruta
0%
Pokémon Kingler
0%
Tasso di allevamento Medio-Veloce
0%
Generazione Prima
0%
Stadio evoluzione Prima evoluzione
0%
Nessun quiz corrispondente trovato
Distribuzione punteggi
Percentuale di utenti per punteggio
Percentile per numero di risposta
I tuoi punteggi nel tempo
Non hai fatto questo quiz